MESTSKÁ KNIŽNICA GIRALTOVCE  - online katalóg 

Umenie čiernej Afriky (Record no. 14920)

000 -NÁVESTIE
fixed length control field 01016nam a2200265 a 4500
008 - ÚDAJE S PEVNOU DĹŽKOU – VŠEOBECNÉ INFORMÁCIE
fixed length control field 951212s1979||||CS 0 slo c
020 ## - MEDZINÁRODNÉ ŠTANDARDNÉ ČÍSLO KNIHY (ISBN)
Údaje o dostupnosti 65 Kčs.
Qualifying information (15000 výtl.)
040 ## - ZDROJ KATALOGIZÁCIE
Pôvodná katalogizujúca agentúra SNK
Jazyk katalogizácie slo
Prepisujúca agentúra SNK
Konvencie popisu AACR2
044 ## - KÓD KRAJINY VYDAVATEĽA/PRODUCENTA
Kód krajiny MARC xo
Kód krajiny ISO SK
080 ## - ČÍSLO MEDZINÁRODNÉHO DESATINNÉHO TRIEDENIA (MDT)
Číslo Medzinárodného desatinného triedenia (MDT) 73/74.031.6(084.1)
041 ## - KÓD JAZYKA
Kód jazyka textu/zvukovej stopy alebo samostatných nápisov slo
100 1# - OSOBNÉ MENÁ – VŠEOBECNÉ INFORMÁCIE
Osobné meno Trojanová, Alina
245 10 - NÁZOV
Názov Umenie čiernej Afriky
Zvyšok názvu Dejiny. Kultúra. Náboženské predstavy
Údaj o zodpovednosti atď. Alina Trojanová ; Jozef Gazdík, Josef Kandert, Ján Pícha, Kveta Dašková, Pavol Blažo
250 ## - ÚDAJ O PORADÍ VYDANIA
Údaj o poradí vydania 2., vyd.
260 ## - VYDAVATEĽSKÉ ÚDAJE, DISTRIBÚCIA ATĎ.
Miesto publikovania, distribúcie atď. Bratislava
Názov vydavateľa, distibútora atď. Tatran
Dátum publikovania, distribúcie atď. 1979
Miesto výroby Bratislava
Výrobca Polygrafické závody
300 ## - FYZICKÝ POPIS
Rozsah 183 s., 22,93 AH
Rozmery 29 cm
490 0# - EDÍCIA
Edícia Umenie sveta
500 ## - VŠEOBECNÁ POZNÁMKA
Formátovaná poznámka o obsahu Lit. 52. Fot. na front. Mp. na predsádkach. Zozn. čiernobielych a fareb. reprod. 52 zázn. lit. o knihách v jaz. čes., rus., nem., angl., franc. a poľ.
700 1# - PRIDANÝ VSTUP – OSOBNÉ MENO
Osobné meno Gazdík, Jozef
Kód roly prk
700 1# - PRIDANÝ VSTUP – OSOBNÉ MENO
Osobné meno Kandert, Josef
Kód roly [ADC]
700 1# - PRIDANÝ VSTUP – OSOBNÉ MENO
Osobné meno Pícha, Ján
Kód roly gup
700 1# - PRIDANÝ VSTUP – OSOBNÉ MENO
Osobné meno Dašková, Kveta
Kód roly gup
700 1# - PRIDANÝ VSTUP – OSOBNÉ MENO
Osobné meno Blažo, Pavol
Kód roly gup
958 ## - Formálny deskriptor
Formálny deskriptor A
Holdings
Stav stiahnutia (Blokovanie) (Withrawn status) Stav straty Stav poškodenia (Damaged status) Nie pre výpožičky (Not for loan) Spôsob nadobudnutia (Collection code) Trvalé umiestnenie Aktuálne umiestnenie Dátum nadobudnutia Náklady, bežná kúpna cena Inventárne číslo (prírastkové číslo) Full call number Dátum posledného výskytu Cena s účinnosťou od Typ jednotky Koha
        Kúpa Mestská knižnica Giraltovce Mestská knižnica Giraltovce 2019-11-29 65.00 13961 I 0060 2019-11-29 2019-11-29 Odborná literatúra pre dospelých

Powered by Koha